MLB Teams with the Highest Attendance 2000 - 2025 - Statistics

General Stats
  • This quiz has been taken 75 times
  • The average score is 8 of 15
Answers on the Grid
Answers color-coded by a green-red scale on the quiz's grid according to % correct below.
Red Sox
White Sox
Yankees
Diamondbacks
Cubs
Giants
Tigers
Astros
Rockies
Orioles
Athletics
Angels
Expos / Nationals
Braves
Mariners
Padres
Devil Rays / Rays
Dodgers
Royals
Reds
Mets
Rangers
Blue Jays
Cardinals
Twins
Indians / Guardians
Phillies
Pirates
Marlins
Brewers
 
Answer Stats
Answer % Correct
Yankees
93%
Red Sox
89%
Dodgers
83%
Phillies
76%
Cubs
72%
Mets
67%
Astros
63%
Braves
57%
Giants
57%
Cardinals
52%
Padres
43%
Brewers
24%
Angels
20%
Rangers
20%
Rockies
2%
No matching quizzes found
Score Distribution
Percent of People with Each Score
Percentile by Number Answered
Your Score History
You have not taken this quiz